000 00519nam a22001937a 4500
003 BUBTL
008 210826b xxu||||| |||| 00| 0 eng d
020 _a9843000006310
082 _a341.485492 / K5271i
100 _94140
_aKhan, Arif
245 _aInternational law & human rights /
_cArif Khan
250 _a5th edn.
260 _aDhaka :
_bBLB,
_cc2018.
300 _a514 p. :
_c22 cm.
650 0 _926
_aLaw
856 _k0
_l0
_yDownload
942 _2ddc
_cBK
999 _c6521
_d6521